000 00715nam a2200265Ia 4500
005 20260302115027.0
008 008 260114s9999 xx 000 0 eng d
020 _a9781501325328
037 _aTextbook
040 _aCRL
040 _beng
040 _cCRL
041 _2eng
041 _aeng
084 _qCRL
100 _aJoyce Wexler
_91093350
245 0 _aViolence Without God The Rhetorical Despair of Twentieth-Century Writers
260 _bBloomsbury
260 _bBloomsbury Academic
260 _c2016
650 _aLiterary Studies
856 _uhttps://dx.doi.org/10.5040/9781501325328?locatt=label:secondary_bloomsburyCollections
942 _cEBOOK
999 _c1684688
_d1684688